000 00245nam a2200109Ia 4500
008 190216s9999||||xx |||||||||||||| ||und||
100 _aPotapov V M
245 0 _aStereo Chemistry
260 _bMir Pubs Moscow
650 _aChemistry
942 _cBK
999 _c2100
_d2100